00592nam a2200193Ia 450000500170000000800410001704000190005804100120007708200170008910000220010624500890012826000380021730000260025550400360028165000140031765100270033170000300035885000100038820240206113455.0131103s9999 xx 000 0 und d aLoreto College aEnglish a370.15 bPRE aPressey,Sidney L. aPsychology in Education, cSidney L.Pressey, Francis P. Robinson, John E. Horrocks aNew YorkbHarper & Brothersc1959 axi,658 p.b ill.,fig. aIncludes bibliography and index aEducation aEducational Psychology aRobinson,Francis P.,auth. aLCLIB